LEADER 01203nam--2200349---4500 001 990000728770203316 005 20050215095453.0 035 $a0072877 035 $aUSA010072877 035 $a(ALEPH)000072877USA01 035 $a0072877 100 $a20011112d1992----km-y0ENGy0103----ba 101 $aita 102 $aIT 200 1 $a<> immaginario degli emigranti miti e raffigurazioni dell'esperienza italiana all'estero fra i due secoli$fEmilio Franzina 210 $aPaese$cPagus$d1992 215 $aXXIV, 265 p.$d24 cm 225 2 $aI fronti della storia 410 $12001$aI fronti della storia 606 $aEmigranti italiani$yAmerica$z1850-1930 676 $a305.85107 700 1$aFRANZINA,$bEmilio$0120743 801 0$aIT$bsalbc$gISBD 912 $a990000728770203316 951 $aII.5. 1005(VARIE COLL.1038 1)$b119097 LM$cVARIE COLL. 959 $aBK 979 $aPATTY$b90$c20011112$lUSA01$h1031 979 $c20020403$lUSA01$h1721 979 $aPATRY$b90$c20040406$lUSA01$h1650 979 $aCOPAT3$b90$c20050215$lUSA01$h0954 996 $aImmaginario degli emigranti miti e raffigurazioni dell'esperienza italiana all'estero fra i due secoli$9962276 997 $aUNISA LEADER 01219nam 2200349Ia 450 001 996383953303316 005 20221107213331.0 035 $a(CKB)1000000000592016 035 $a(EEBO)2240956387 035 $a(OCoLC)12085994 035 $a(EXLCZ)991000000000592016 100 $a19850528d1691 uy | 101 0 $aeng 135 $aurbn||||a|bb| 200 14$aThe true interest of nations$b[electronic resource] $eimpartially stated in a sermon preached at the Lent assizes at Chelmesford in Essex, March 2d. 1690/1 : proving that the promoting universal righteousness, piety, justice, and honesty, is the sure means to exalt a nation ... /$fby Anthony Walker .. 210 $aLondon $cPrinted for Nathanael Ranew ...$d1691 215 $a40 p 300 $aReproduction of original in Bodleian Library. 330 $aeebo-0014 606 $aVirtue$vSermons 606 $aSermons, English$y17th century 615 0$aVirtue 615 0$aSermons, English 700 $aWalker$b Anthony$fd. 1692.$01002940 801 0$bEAA 801 1$bEAA 801 2$bm/c 801 2$bWaOLN 906 $aBOOK 912 $a996383953303316 996 $aThe true interest of nations$92302351 997 $aUNISA